Magen Daṿid : (Record no. 32283)

MARC details
000 -LEADER
fixed length control field 00818cam a22002651 4500
001 - CONTROL NUMBER
control field he 67000652
003 - CONTROL NUMBER IDENTIFIER
control field DLC
005 - DATE AND TIME OF LATEST TRANSACTION
control field 20260227111445.0
008 - FIXED-LENGTH DATA ELEMENTS--GENERAL INFORMATION
fixed length control field 830616s1959 is 000 0 heb
010 ## - LIBRARY OF CONGRESS CONTROL NUMBER
LC control number he 67000652
035 ## - SYSTEM CONTROL NUMBER
System control number (OCoLC)19164263
040 ## - CATALOGING SOURCE
Original cataloging agency DLC
Transcribing agency MH
Modifying agency DLC
042 ## - AUTHENTICATION CODE
Authentication code premarc
050 00 - LIBRARY OF CONGRESS CALL NUMBER
Classification number BS1225
Item number .D3 1960
100 0# - MAIN ENTRY--PERSONAL NAME
Personal name David ben Mordecai,
Titles and words associated with a name of Tal'noye,
Dates associated with a name 1808-1882.
245 10 - TITLE STATEMENT
Title Magen Daṿid :
Remainder of title [derushim ... musarim ... remazim]
260 ## - PUBLICATION, DISTRIBUTION, ETC.
Place of publication, distribution, etc. [Jerusalem] :
Name of publisher, distributor, etc. [Y. Ṭversḳi],
Date of publication, distribution, etc. 720 [1959 or 1960]
-- (Tel Aviv)
300 ## - PHYSICAL DESCRIPTION
Extent 232 p. ;
Dimensions 25 cm.
500 ## - GENERAL NOTE
General note Photo-offset of Zhitomir, 1872 or 1873 ed.
630 00 - SUBJECT ADDED ENTRY--UNIFORM TITLE
Uniform title Bible.
Name of part/section of a work Pentateuch
Form subdivision Sermons.
650 #0 - SUBJECT ADDED ENTRY--TOPICAL TERM
Topical term or geographic name entry element Jewish festival-day sermons.
650 #0 - SUBJECT ADDED ENTRY--TOPICAL TERM
Topical term or geographic name entry element Jewish sermons.
752 ## - ADDED ENTRY--HIERARCHICAL PLACE NAME
Country or larger entity Ukraine
City Zhitomir
752 ## - ADDED ENTRY--HIERARCHICAL PLACE NAME
Country or larger entity Israel
City Jerusalem

No items available.

Powered by Koha